Responses for Show #1922 - Tuesday, January 5, 1993

Contestants

[<< previous game]

Kathleen Huber, a playwright and actress from New York City, New York

Marty Green, an electrician from Fresh Meadows, New York

Mike Griffin, a newspaper publisher from Los Angeles, California (whose 2-day cash winnings total $27,799)

[next game >>]

Jeopardy! Round responses

FISH
"CHIP"s
DATES
THE GRAPES OF WRATH
DESSERTS
THE MINT
    $100 1
anchovies

Marty
    $100 6
Chip & Dale

Kathleen
    $100 26
February 29

Marty
    $100 10
Steinbeck

Mike
    $100 7
Christmastime

Mike
    $100 13
Philadelphia

Marty
    $200 2
eyes

Marty
    $200 19
a chip off the old block

Kathleen
    $200 27
April 1

Mike
    $200 16
Okies

Mike
    $200 8
cobbler

Mike
    $200 14
the Treasury Department

Marty
    $300 3
catfish

Mike
    $300 20
Goodbye, Mr. Chips

Mike
    $300 28
October 12

Marty
    $300 23
California

Mike
    $300 9
Genoa

Kathleen
    $300 15
Denver

Kathleen
    $400 4
eels

Marty
    $400 21
the Chippewa

Marty
    $400 29
June 6

Mike
    $400 24
Tom

Marty
    $400 11
a pear

Mike
    $400 17
Carson City

Mike
    $500 5
(Kathleen: What are guppies?)

tetras

Kathleen
Triple Stumper
    $500 22
(Thomas) Chippendale

Mike
    $500 30
May 30

Marty
    $1,300 25
(Marty: Who is Emma Lazarus?)
...
(Alex: Emma Lazarus, of course, got the inscription for the Statue of Liberty.)

Julia Ward Howe

Marty
    $500 12
Austria

Mike
    $500 18
San Francisco

Marty

Scores at the first commercial break (after clue 16):

Mike Marty Kathleen
$1,800 $1,000 $200

Scores at the end of the Jeopardy! Round:

Mike Marty Kathleen
$3,900 $1,900 $400

Double Jeopardy! Round responses

MODERN HISTORY
POP MUSIC
DELAWARE
MIDDLE NAMES
ARCHAEOLOGY
HODGEPODGE
    $200 16
Yeltsin

Mike
    $200 26
Paul Simon

Marty
    $200 1
counties

Marty
    $200 6
the Bachs

Mike
    $200 11
Stonehenge

Mike
    $200 21
the brain

Marty
    $400 17
Saddam Hussein

Marty
    $400 27
Billy Joel

Marty
    $400 2
the Chesapeake

Marty
    $400 7
Thomas Edison

Mike
    $400 12
carbon dating

Mike
    $400 22
the Mona Lisa

Marty
    $600 18
The Bay of Pigs

Mike
    $600 28
Phil Collins

Marty
    $2,000 3
(Marty: Who is Lord de la Ware?)
(Alex: No, sorry. We thought you might go for that. The correct response was [*], a nearby colony, Pennsylvania.)

William Penn

Marty
    $600 8
Foster

Mike
    $600 13
Easter Island

Marty
    $600 23
(Julie) Kavner

Marty
    $800 19
the Dead Sea Scrolls

Kathleen
    $800 29
The Hollies

Triple Stumper
    $800 4
Maryland

Marty
    $800 9
(Anthony) Eden

Mike
    $800 14
(Mike: What is Pompeii?)

Herculaneum

MikeMarty
    $800 24
microwave

Triple Stumper
    $1000 20
(Battle of) the Marne

Mike
    $1000 30
"Johnny Angel"

Triple Stumper
    $1000 5
Wilmington

Kathleen
    $1000 10
(Mike: Who was Quincy?)

James Abram Garfield

Mike
Triple Stumper
    $2,000 15
(Marty: What is Manchu Picchu?)
(Alex: Would you say it again?)
(Marty: Manchu Picchu.)
(Alex: Oh, I'm looking over at our judges. I don't think we can give it to you because you called it, you kind of tied it into a more of a Chinese sounding word, Manchu, thinking of the dynasty instead of [*]. [*]. Sorry about that, Marty. Cost you.)

Machu Picchu

Marty
    $1000 25
(Kathleen: What is literature?)
(Alex: Be more specific.)
(Kathleen: Oh...)
(Alex: No.)
(Kathleen: ...what's history?)
(Alex: Won't give you a second shot on it.)

poetry

Kathleen
Triple Stumper

Scores at the end of the Double Jeopardy! Round:

Mike Marty Kathleen
$6,500 $3,500 $1,200

[wagering suggestions for these scores]

Final Jeopardy! Round responses

CABLE TELEVISION
KathleenWho is Bill Jim Bakker
$0
MartyWho is Robertson
$3,000
MikeWho is is Ro Graham
$6,500
Pat Robertson

Final scores:

Mike Marty Kathleen
$0 $6,500 $1,200
3rd place: Meade telescope New champion: $6,500 2nd place: trip to Boston, Massachusetts

Game dynamics:

Coryat scores:

Mike Marty Kathleen
$6,500 $8,800 $1,200
22 R,
2 W
23 R,
3 W
(including 3 DDs)
6 R,
2 W

Combined Coryat: $16,500

[game clues] [game scores] [suggest correction]

Game tape date: 1992-09-21
The J! Archive is created by fans, for fans. Scraping, republication, monetization, and malicious use prohibited; this site may use cookies and collect identifying information. See terms. The Jeopardy! game show and all elements thereof, including but not limited to copyright and trademark thereto, are the property of Jeopardy Productions, Inc. and are protected under law. This website is not affiliated with, sponsored by, or operated by Jeopardy Productions, Inc. Join the discussion at JBoard.tv.